00966nam a2200241 a 450000100100000000500170001000800410002702000150006804000250008324501840010825000120029226000320030430000210033650400320035753400460038970000330043570000280046870000290049670000410052570000360056695201050060299900170070700003857620201002031312.0130415s1997 sp 000 0 spa d a8403595905 aDO-SdBNPbspacBNPHU04aLas grandes entrevistas de la historia (1859-1992) /cprólogo de Rosa Montero ; traducción Herminia Bevia y Antonio Resines ; Edición e introducción Christopher Silvester. a3a. ed. aMadrid :bEl país,c1997. a634 p. ;c24 cm. aBibliografía : p. 629-634 aThe penguin book of interviewslespañol1 aMontero, Rosa,d1951-9150631 aBevia, Herminia,9492201 aResines, Antonio,9492191 aSilvester, Christopher,eeed.9649151 aBernardo Ramírezecol.964916 001050718MOaPDbPDcCTd2013-04-15iLF1l0o p38576-10r2020-06-25w2020-06-25y1ZNo se presta c38066d38066